Eplerenón

Bibliographic Details
Main Author: Maruniak, Matej (Author)
Format: Article
Language:Slovak

MARC

LEADER 00000nab a2200000 a 4500
001 vtls010706422
003 SK-MaSNL
005 20260304185509.0
008 250709s2012 xo |||||||||||||||||slo|
035 |a (urnnbn)urn:nbn:sk:snk:ar-a0416e 
035 |a (uuid)244b6a38-29f8-4311-b994-8836f0466ecf 
035 |a urn:nbn:sk:snk-ab3aqs 
040 |a SNKBUCL  |b slo  |c SNKBUCL  |e AACR2 
041 0 |a slo 
044 |a xo  |c SK 
100 1 |a Maruniak, Matej  |4 aut  |9 1126956 
245 1 0 |a Eplerenón  |c Matej Maruniak 
773 0 |t Lekárnické listy : odborno-informačný časopis Slovenskej lekárnickej komory  |g Roč. 14, č. 6 (2012), s. 37 
850 |a Slovenská národná knižnica 
852 |a Slovenská národná knižnica 
954 |a odborná, vedecká literatúra pôvodná (slovenská)  |2 lita 
958 |a article1 
958 |a OND 
958 |a EUIPO 
999 |c 3043820  |d 3045750